000 01161nam a2200241 i 4500
001 182589
003 ES-MaACL
005 20250904063110.0
008 130930s1866 sp a | |||||||| | spa d
080 _a908(460.113)
080 _a94(460.113)
100 1 _aVilla-Amil y Castro, José,
_d1833-1910
_9114878
245 1 0 _aCrónica de la provincia de Lugo /
_cpor José Villa-Amil y Castro.
260 _aMadrid :
_bAquiles Ronchi,
_c1866.
300 _aVI, 80 p., [4] h. de lám., [1] h. de mapas ;
_c32 cm.
490 1 _aCrónica general de España, o sea historia ilustrada y descriptiva de sus provincias, sus poblaciones más importantes de la península y de ultramar / dirigida por Cayetano Rosell
651 4 _aLugo (Provincia)-
_xDescripción.
_9149978
651 4 _aLugo (Provincia)-
_xHistoria.
_9153499
700 1 _aRosell, Cayetano,
_d1817-1883
_999681
830 0 _aCrónica general de España, o sea Historia ilustrada y descriptiva de sus provincias, sus poblaciones más importantes de la península y posesiones de Ultramar
_9224862
852 _aES-MaACL
_jC-1584(3)
_z.- Encuadernado con otras obras
999 _c182589
_d182589